| Поле | Инд. | ПП | Название | Значение |
|---|---|---|---|---|
| Тип записи | a | |||
| Библиографический уровень | b | |||
| 001 | Контрольный номер | RU/IS/BASE/267803706 | ||
| 005 | Дата корректировки | 20200610181746.0 | ||
| 008 | Кодируемые данные | 20080626 | ||
| 040 | b | Код языка каталог. | rus | |
| e | Правила каталог. | PSBO | ||
| 041 | 0_ | a | Код языка текста | rus |
| 084 | a | Индекс другой классификации/Индекс ББК | 80.9; 81.411.2-03 | |
| 100 | 1_ | a | Автор | Добровольский И. С. |
| 245 | 10 | a | Заглавие | К вопросу об изучении орфографической неоднородности рукописи (Житие Симеона Столпника и Пандекты Никона Черногорца 1296 г.) |
| 504 | a | Библиография | Библиогр. - Примеч.: с. 72 | |
| 650 | 04 | a | Основная рубрика | филологические науки |
| a | Основная рубрика | языкознание | ||
| a | Основная рубрика | частное языкознание | ||
| a | Основная рубрика | русский язык; текстология | ||
| a | Основная рубрика | история языка | ||
| 653 | 1_ | a | Ключевые слова | "Житие Симеона Столпника" |
| a | Ключевые слова | "Пандекты Никона Черногорца" | ||
| a | Ключевые слова | лингвотекстологический анализ | ||
| a | Ключевые слова | орфография | ||
| a | Ключевые слова | палеославистика | ||
| a | Ключевые слова | текстологический анализ | ||
| 773 | 08 | t | Заглавие источника | Вестник Московского университета. Серия 9, Филология |
| d | Дата издания источника | 2007 | ||
| g | Прочая информация | № 6. - С. 67 - 72 : табл. | ||
| w | Контрольный № источника | RU/IS/BASE/261756589 | ||
| 901 | t | Тип документа | b |